Statistics for 黑龙江省下辖县级行政区地图 County-level administrative divisions of Heilongjiang

Click here to take the quiz!

General Stats

  • This quiz has been taken 118 times
  • The average score is 63 of 121

Answers on the Map

Answers color-coded by a green-red scale on the quiz's map according to % correct below.
 

Answer Stats

县级类地名% Correct
县级市漠河市
98%
市辖区道外区
89%
县级市抚远县
89%
市辖区道里区
89%
县级市五大连池市
83%
县级市绥芬河市
81%
县级市五常市
79%
塔河县
77%
市辖区呼兰区
77%
鸡东县
77%
市辖区爱辉区
77%
市辖区阿城区
77%
县级市尚志市
74%
县级市嫩江市
74%
呼玛县
72%
市辖区香坊区
72%
县级市北安市
68%
市辖区南岗区
68%
市辖区双城区
68%
孙吴县
66%
县级市肇东市
66%
市辖区平房区
66%
市辖区松北区
66%
县级市虎林市
66%
方正县
64%
市辖区萨尔图区
62%
市辖区昂昂溪区
62%
县级市东宁市
62%
龙江县
62%
肇州县
62%
县级市同江市
60%
县级市安达市
60%
市辖区让胡路区
60%
萝北县
60%
自治县杜尔伯特蒙古族自治县
57%
依兰县
57%
肇源县
57%
逊克县
57%
县级市讷河市
55%
县级市海林市
55%
宾县
55%
县级市铁力市
55%
县级市海伦市
53%
市辖区东安区
53%
嘉荫县
53%
市辖区鸡冠区
53%
县级市富锦市
53%
木兰县
53%
巴彦县
53%
克山县
51%
市辖区富拉尔基区
51%
县级市宁安市
51%
勃利县
51%
克东县
51%
富裕县
51%
县级市密山市
51%
市辖区东风区
51%
市辖区郊区
49%
市辖区向阳区
49%
市辖区北林区
49%
宝清县
49%
县级市穆棱市
49%
市辖区西安区
49%
汤原县
49%
桦南县
49%
市辖区梅里斯达斡尔族区
47%
林口县
47%
市辖区工农区
47%
泰来县
47%
市辖区前进区
47%
通河县
47%
市辖区龙沙区
47%
市辖区碾子山区
45%
延寿县
45%
市辖区东山区
45%
集贤县
45%
桦川县
45%
大箐山县
45%
汤旺县
43%
市辖区建华区
43%
望奎县
43%
市辖区伊美区
43%
市辖区铁锋区
43%
饶河县
43%
南岔县
43%
甘南县
43%
绥棱县
43%
绥滨县
43%
庆安县
40%
友谊县
40%
市辖区龙凤区
40%
依安县
40%
市辖区大同区
40%
市辖区友好区
40%
拜泉县
40%
明水县
38%
市辖区红岗区
38%
市辖区南山区
38%
市辖区茄子河区
38%
市辖区滴道区
38%
市辖区兴安区
38%
市辖区麻山区
36%
市辖区爱民区
36%
市辖区金林区
36%
林甸县
36%
市辖区四方台区
36%
市辖区宝山区
36%
青冈县
36%
市辖区梨树区
36%
市辖区尖山区
36%
市辖区阳明区
34%
兰西县
34%
市辖区兴山区
34%
市辖区新兴区
32%
市辖区乌翠区
32%
市辖区城子河区
32%
丰林县
32%
市辖区恒山区
32%
市辖区桃山区
30%
市辖区岭东区
30%

Score Distribution

Percentile by Number Answered

Percent of People with Each Score

Your Score History

You have not taken this quiz